চার ফেরেশÍার বিশ্বয়কর কাহিনী। (Record no. 4949)
[ view plain ]
| 000 -LEADER | |
|---|---|
| fixed length control field | 00714nam a2200145Ia 4500 |
| 008 - FIXED-LENGTH DATA ELEMENTS--GENERAL INFORMATION | |
| fixed length control field | 151213s9999 xx 000 0 und d |
| 100 ## - MAIN ENTRY--PERSONAL NAME | |
| Personal name | আল্লামাজালালউদ্দীন সুয়ুতী রহ: । |
| 245 ## - TITLE STATEMENT | |
| Title | চার ফেরেশÍার বিশ্বয়কর কাহিনী। |
| Statement of responsibility, etc. | আল্লামাজালালউদ্দীন সুয়ুতী রহ: । |
| 260 ## - PUBLICATION, DISTRIBUTION, ETC. (IMPRINT) | |
| Place of publication, distribution, etc. | ঢাকা |
| Name of publisher, distributor, etc. | সোলেমানিয়া বুক হাউস। |
| Date of publication, distribution, etc. | 2011 |
| 300 ## - PHYSICAL DESCRIPTION | |
| Extent | 10977 p. |
| 650 ## - SUBJECT ADDED ENTRY--TOPICAL TERM | |
| Topical term or geographic name as entry element | Bangla |
| 650 ## - SUBJECT ADDED ENTRY--TOPICAL TERM | |
| Topical term or geographic name as entry element | ইসলামী বই |
| 700 ## - ADDED ENTRY--PERSONAL NAME | |
| Personal name | আল্লামাজালালউদ্দীন সুয়ুতী রহ: । |
No items available.
